000 00498nam a22001817a 4500
020 _a 9780000106292
082 _aM 894.812 092
_bKSP/P
100 _aK S Pilla
245 _aPulimana/
_cby K S Pilla
260 _aKottayam:
_bSahithya Pravarthaka Cooperative Society,
_c2010.
300 _a54p.
650 _aBiography Pulimana Parameswaran Pillai
650 _aBiography Malayalam Writers
650 _aBiography
650 _aLiterature Malayalam
650 _aLiterature
942 _cBK
999 _c151653
_d151653